Statistiques concernant Top 50 des jeux-vidéos les plus vendus

Cliquez ici pour prendre le quiz!

Statistiques générales

  • Ce quiz a été pris 2 169 fois
  • Le résultat moyen est 14 sur 50

Statistiques - réponses

Jeux vendus (année)Nom du jeu% Correct
58 000 000 (1985)Super Mario Bros
85%
238 000 000 (2011)Minecraft
81%
160 000 000 (2013)Grand Theft Auto V
78%
24 000 000 (2017)FIFA 18
69%
25 000 000 (2008)Grand Theft Auto IV
57%
43 000 000 (1989)Tetris (Gameboy)
57%
100 000 000 (2008)Tetris (IOS, Android, PC,PS3)
57%
26 200 000 (2010)Call of Duty Black Ops
54%
27 500 000 (2004)Grand Theft Auto San Andreas
44%
24 200 000 (2012)Call of Duty Black Ops 2
41%
23 000 000 (2010)Red Dead Redemption
39%
30 000 000 (2019)Call of Duty Modern Warfare
38%
51 810 000 (2017)Mario Kart 8 Deluxe
36%
47 520 000 (1996)Pokemon Rouge, Bleu
33%
23 982 960 (1991)Sonic the Hedgehog
33%
27 490 000 (2017)The Legend of Zelda Breath of the Wild
33%
22 700 000 (2009)Call of Duty Modern Warfare 2
32%
42 000 000 (1980)Pac-Man
29%
37 620 000 (2020)Animal Crossing New Horizons
27%
26 500 000 (2011)Call of Duty Modern Warfare 3
26%
43 000 000 (2018)Red Dead Redemption 2
26%
82 900 000 (2006)Wii Sports
26%
24 730 000 (2006)Pokemon Diamant, Perle
24%
37 380 000 (2008)Mario Kart Wii
23%
29 490 000 (1999)Pokemon Or, Argent
22%
30 000 000 (2011)The Elder Scolls V Skyrim
22%
75 000 000 (2017)PlayerUnknown's Battlegrounds
21%
22 540 000 (2002)Pokemon Rubis, Saphir
20%
23 900 000 (2019)Pokemon Epee, Bouclier
17%
25 310 000 (2016)Pokemon Soleil, Lune
16%
22 960 000 (1996)Super Mario 64
16%
23 020 000 (2017)Super Mario Odyssey
16%
27 400 000 (2018)Super Smash Bros Ultimate
15%
23 600 000 (2005)Mario Kart DS
14%
30 000 000 (2015)The Witcher 3 Wild Hunt
14%
30 800 000 (2006)New Super Mario Bros
11%
21 600 000 (2012)New Super Mario Bros U
11%
30 320 000 (2009)New Super Mario Bros Wii
11%
30 000 000 (2012)Diablo III
10%
23 960 000 (2005)Nintendogs
9%
43 800 000 (2007)Wii Fit
9%
33 140 000 (2009)Wii Sports Resort
9%
35 000 000 (2011)Terraria
8%
24 430 000 (1988)Super Mario Bros 3
7%
26 660 500 (1990)Super Mario World
7%
26 000 000 (2012)Borderlands 2
5%
28 300 000 (1984)Duck Hunt
5%
28 020 000 (2006)Wii Play
5%
30 000 000 (2016)Human Fall Flat
3%
24 000 000 (2010)Kinect Adventures
2%

Distribution des résultats

Percentile par nombre de réponses

% des personnes avec chaque résultat

Votre développement - résultats

Vous n’avez pas pris ce quiz